000 00408nam a22001697a 4500
003 MPLRDC
005 20220104142928.0
008 210129b ||||| |||| 00| 0 eng d
082 _a307 LYQ v.2
100 _a李元庆编译
245 _a科学文粹. 第二集
_c
250 _a再版
260 _a
_b大中国图书公司
_c1962
300 _b
650 _a科学杂论
942 _cBK
_o307 LYQ v.2
999 _c34981
_d34971